| 000 | 00823nab a2200229 a 4500 | ||
|---|---|---|---|
| 005 | 20260213143334.0 | ||
| 008 | 991125c2013 mx fr p 000 spa d | ||
| 003 | |||
| 035 | _aUPN01000196693 | ||
| 040 |
_aMX-MxUPN _bspa _cMX-MxUPN _eaacr |
||
| 100 | 1 | _aBuenrostro Alba, Manuel | |
| 245 |
_aCambios constitucionales en materia indígena en la península de Yucatán : _bel caso de los jueces tradicionales mayas de Quintana Roo. Balance, logros y retos |
||
| 530 | 0 | _a Disponible también en formato electrónica | |
| 653 | 0 | _aJusticia indígena | |
| 653 | 0 | _aMayas | |
| 653 | 0 | _aDerechos indígenas | |
| 773 |
_gVol. 26, no. 78 (2013), p. 63-86 _tNueva Antropología _x0185-0636 |
||
| 856 | 4 | _uhttps://dialnet.unirioja.es/ejemplar/412840 | |
| 902 | _aLeonor Sotres/130226 | ||
| 905 | _aArticulo | ||
| 942 | _cAI | ||
| 999 |
_c168794 _d168794 |
||